Top 10 der Darts Weltrangliste (vor der WM 2025) - Statistiken

Allgemein
  • Dieses Quiz wurde 124 mal gespielt
  • Das Durchschnittsergebnis liegt bei 8 aus 10
Antwortstatistiken
Position Preisgeld (in £) Nation Spieler % Korrekt
3 815,500 Niederlande Michael van Gerwen
98%
4 618,500 England Luke Littler
96%
1 1,804,250 England Luke Humphries
93%
10 480,000 Wales Gerwyn Price
92%
2 890,000 England Michael Smith
84%
5 571,750 England Rob Cross
75%
9 484,000 Australien Damon Heta
74%
7 509,000 Wales Jonny Clayton
73%
8 486,000 England Stephen Bunting
61%
6 538,000 England Dave Chisnall
53%
Keine übereinstimmenden Quizze gefunden
Verteilung der Resultate
Anzahl Personen mit jedem Resultat
Perzentil nach korrekt beantworteten Fragen
Ihre Resultats-Entwicklung
Sie haben dieses Quiz noch nicht gespielt